000 01662naa a22004097a 4500
001 BR7804259
003 BR-BrBNA
005 20240918174115.0
007 ta
008 230509b bl.||||| |||| 00| 0 por d
040 _aBR-BrBNA
_bpor
_cBiblioteca Nacional de Agricultura
041 _a(Pt)
072 _aH20
_b1060
_b4120
_bG514
090 _aH20 BR7804259
100 1 _aFeichtenberger, E.
100 1 _aMuntaner, A.I.C.
100 1 _aRossetti, V.
100 1 _aLeite, Y.R.
100 1 _aPompeu Junior, J.
100 1 _aTeofilo Sobrinho, J.
111 1 _a4. Congresso Brasileiro de Fruticultura
_cSalvador, BA (Brazil)
_d23 Jan 1977
245 1 _aEstudo comparativo da resistencia a Phytophthora spp. de quinze selecoes de Poncirus trifoliata (L)Raf. com copa de laranja Hamlin de clone nuclear [Doenca de planta; Fungo; Cordeiropolis; Sao Paulo; Brasil]
260 3 _aCruz das Almas, BA (Brasil):
_c1978.
500 _aCunha Sobrinho, A.P. da; Matos, A.P. de (eds.) Anais do 4. Congresso Brasileiro de Fruticultura Cruz das Almas, BA (Brasil): 1978. p. 131-136 (BR7804259-AM)H20
650 _aDoenca de planta
650 _aLaranja
650 _aFungo
650 _aClone nuclear
650 _aPorta enxerto
650 _aReproducao vegetal
650 _aVariedade resistente
650 _aCordeiropolis
650 _aSao Paulo
773 0 _tAnais do 4. Congresso Brasileiro de Fruticultura
_aCunha Sobrinho, A.P. da; Matos, A.P. de (eds.). Sociedade Brasileira de Fruticultura, Cruz das Almas, BA
_wH20 BR7804259
_gCruz das Almas, BA (Brasil), 1978. p. 131-136
909 _a202404
_bLucia
_c55
_dLucia Elande
942 _cAM
_2AGRIS
999 _c308961
_d308961